| 000 | 00557cam a22002298i 4500 | ||
|---|---|---|---|
| 999 |
_c9347 _d9347 |
||
| 001 | 9347 | ||
| 003 | BD-JhCC | ||
| 005 | 20180320084600.0 | ||
| 008 | 180319s2017 nju 000 0 eng d | ||
| 020 | _a0897020901 | ||
| 035 | _a(BD-JhCC)9347 | ||
| 040 |
_aDLC _erda _cDLC _dBD-JhCC |
||
| 041 | _aeng | ||
| 082 | 0 | 0 |
_a425 _223 _bSTA 2017 |
| 100 | 1 | _aStaff, P A R | |
| 245 |
_aCareer writing / _cP. A. R. Staff |
||
| 260 |
_aBoston : _bIrwin _c1989. |
||
| 300 |
_a156 p. : _c21 cm. |
||
| 650 | 0 | _aEnglish language | |
| 942 |
_2ddc _cBK |
||